00602nam a22001937a 450000500170000001000130001702000230003003700160005304000120006908200160008110000270009724500620012426000480018627000720023430000200030650000480032665000170037465000170039120170124105931.0 aB-219854 c300.00a8171419461 bCen Lib/Ret aDPLbEN a307.76bNAR aNarasaiah, M . Lakshmi aUrbanisation and child labour /cby M . Lakshmi Narasaiah aNew DelhibDiscovery Publishing Housec2005 a4831/24, Prahlad Street, Ansari Road, Darya GanjbNew Delhie110002 a114p.c22cm(Hb) aincludes bibliographic references and index aUrbanisation aChild labour